Lattices and ordered algebraic structures /

Guardado en:
Autor Principal: Blyth, T. S.
Formato: Libro
Idioma:English
Publicado: London : Springer, c2005.
Series:Universitext
Materias:
Acceso en línea:Table of contents
Publisher description
Etiquetas: Agregar Etiqueta
Sin Etiquetas, Sea el primero en etiquetar este registro!
LEADER 00919cam a22002534a 4500
001 MAT.inmabb004551
008 040824s2005####enk######b####001#0#eng##
005 20130308115110.0
245 1 0 |a Lattices and ordered algebraic structures /  |c T.S. Blyth. 
260 |a London :  |b Springer,  |c c2005. 
300 |a ix, 303 p. ;  |c 25 cm. 
490 0 |a Universitext 
504 |a Incluye referencias bibliográficas (p. [293]-297) e índice. 
510 4 |a MR,  |c 2006h:06001 
020 |a 1852339055 
100 1 |a Blyth, T. S.  |q (Thomas Scott) 
650 0 |a Ordered algebraic structures. 
650 0 |a Lattice theory. 
084 |a 06-02 (00-01)  |2 msc2000 
010 |a  2004056612 
040 |a DLC  |c DLC  |d DLC 
856 4 1 |3 Table of contents  |u http://www.loc.gov/catdir/toc/fy054/2004056612.html 
856 4 2 |3 Publisher description  |u http://www.loc.gov/catdir/enhancements/fy0663/2004056612-d.html 
859 |h 06  |i B661  |p A-8456  |b BIB. MATEMATICA